000 00725nam a2200217Ia 4500
003 GCL
008 140319s9999 xx 000 0 ara d
020 _a8698301977
040 _aGCL /
_cGCL
082 0 4 _a811.082
_bج م
100 1 _aجمال الشاعر
245 1 0 _aالمماليك يأكلون البيتزا /
_cجمال الشاعر
260 _aالقاهرة :
_bالهيئة المصرية العامة للكتاب ،
_c2000
300 _a87 ص:
_bايض ؛
_c10 سم
490 _aمكتبة الاسرة
_v0
650 0 4 _aالشعر العربى
650 0 4 _aالشعر
650 0 4 _aالشعر العربى - العصر الحديث
650 0 4 _aالشعر العربى - مصر
942 _2ddc
_cBK
999 _c9389
_d9389